|
|
|
|
| LEADER |
00000nas a22000005a 4500 |
| 001 |
ssj0024164 |
| 003 |
WaSeSS |
| 005 |
20200512172242.0 |
| 006 |
m d |
| 007 |
cr n |
| 008 |
020524nuuuuuuuuenkuu s 0eng |
| 022 |
|
|
|y 1471-4175
|
| 035 |
|
|
|a (WaSeSS)ssj0024164
|
| 040 |
|
|
|d WaSeSS
|
| 245 |
0 |
0 |
|a Construction innovation
|h [electronic resource].
|
| 260 |
|
|
|a London :
|b Arnold Publishers.
|
| 506 |
|
|
|a License restrictions may limit access.
|
| 650 |
|
7 |
|a Business.
|2 MiFhGG
|
| 650 |
|
7 |
|a Construction and materials industries.
|2 MiFhGG
|
| 650 |
|
7 |
|a Engineering and manufacturing industries.
|2 MiFhGG
|
| 655 |
|
0 |
|a Electronic journals.
|
| 856 |
4 |
0 |
|z Full text available from Research Library: 03/01/2001 to 1 year ago
|u https://search.proquest.com/publication/38453
|